Word Ladder: The Sixth Sense Quiz Stats

 Plays Quiz Updated Jun 30, 2019

Score 0/24 Timer 04:00
0 Plays Today
Rung Word % Correct
I Want to ____ Your Hand - Song by the BeatlesHOLD
99%
Often the first word used when writing a letterDEAR
94.9%
Centre of a pencilLEAD
94.4%
Allow someone to borrowLEND
94.1%
Shakespearean kingLEAR
94.1%
Defeat someone in a competition or gameBEAT
92.6%
A droplet of sweatBEAD
92%
Narrow country roadLANE
91.4%
Terra firma; solid groundLAND
90.9%
(Of a musician) sustained a noteHELD
90.3%
☆ Sixth Sense Word 3 ☆• DEAD •
90.3%
Debussy piece: Clair de ____LUNE
87.5%
Rung Word % Correct
Frank Herbert sci-fi novel (or a desert hill)DUNE
86.5%
____ Mountain - 2003 Jude Law filmCOLD
84.9%
Source of sugar, as opposed to caneBEET
83.8%
Pay attention toHEED
83.1%
Reproduction unit of some plantsSEED
82.2%
The ____ of Navarone - 1961 Gregory Peck filmGUNS
72.8%
Half a country music duo with BrooksDUNN
72.8%
Private eye Peter with a famous theme songGUNN
64%
☆ Sixth Sense Word 2 ☆• SEES •
59.5%
Barry B. Benson and Adam FlaymanBEES
57.8%
☆ Sixth Sense Word 1 ☆• COLE •
42.1%
☆ Sixth Sense Word 4 ☆• GUYS •
37.7%

Today's Daily Dose

Missing Word
Celine Dion

Word Ladder
Dr. Seuss Books

Quick Pick
Cities in India

Get the Picture
'A' Actresses

You're not logged in!

Compare scores with friends on all Sporcle quizzes.
OR
Log In

Sporcle TV

Today on Sporcle TV


Watch our educational content, quiz creation guides, and fun videos on Sporcle TV.

Show Comments

Extras

Top Quizzes Today


Score Distribution

Your Account Isn't Verified!

In order to create a playlist on Sporcle, you need to verify the email address you used during registration. Go to your Sporcle Settings to finish the process.

Report this User

Report this user for behavior that violates our Community Guidelines.

Details: